Confianza no es miedo Hacia una nueva comprensin̤ de la sociedad civil y el crimen organizado /

Detalles Bibliográficos
Autor principal: Tobn̤ Villada, Andrš Felipe
Formato: eBook
Lenguaje:español
Publicado: Bogot:̀ Ediciones de la U, 2016
Materias:
Acceso en línea:Acceso restringido

MARC

LEADER 00000nam a22000007a 4500
005 20210515161253.0
007 cr|||| ||||
008 210515s2016 co |||||s|||| 00||0 spa d
020 |a 978-958-762-482-3 
035 |a 33318 
040 |a vLex 
090 |c 11693  |d 11693 
100 1 |a Tobn̤ Villada, Andrš Felipe 
245 1 0 |a Confianza no es miedo  |h [Recurso electrn̤ico] :  |b Hacia una nueva comprensin̤ de la sociedad civil y el crimen organizado /  |c Andrš Felipe Tobn̤ Villada 
256 |a Servicio en ln̕ea 
260 |a Bogot:̀  |b Ediciones de la U,  |c 2016 
300 |a 1 recurso electrn̤ico 
500 |a Andrš Felipe Tobn̤ ha revisado el lado oscuro del concepto de confianza. Tambiň en las organizaciones criminales se requiere un mn̕imo de confianza para ser efectivos. Esto lo hemos aprendido de la experiencia triste de la ciudad de Medelln̕. La divisin̤ del trabajo criminal requiere una mn̕ima capacidad para esperar que los otros cumplan con sus tareas. En otras palabras, en el contexto de la ilegalidad tambiň hay unas expectativas sobre el comportamiento adecuado. Sin embargo, al explorar las relaciones dentro de una estructura delictiva quizs̀ sea ms̀ apropiado el concepto de "lealtad criminal" porque al lado de la confianza no parece apropiado usar el concepto de miedo.La confianza emerge cuando somos capaces de ser vulnerables ante los otros, y en especial ante desconocidos. Sin la oportunidad de traicin̤ no es posible hablar de confianza. Andrš Felipe ha investigado el sentido de las palabras tal como las usan las personas de la calle y ha revisado las teora̕s que ponen la confianza en el centro del desarrollo econm̤ico y social de los pas̕es. 
506 1 |a Disponible solo en los productos indicados  |d vLex Global  |d vLex Global (Academic Edition, excluding Law Schools)  |d vLex Global (U.S. Academic Edition, Law Schools)  |d vLex Global (U.S. Academic Edition, excluding Law Schools)  |d vLex Global (Academic Edition, Law Schools) 
650 0 4 |a Derecho Penal  |z Colombia 
650 0 4 |a Derecho Pb︢lico y Administrativo  |z Colombia 
740 0 |a vLex Libros (Servicio en ln̕ea) 
856 4 0 |u https://vlex.com/source/confianza-no-es-miedo-hacia-una-nueva-comprension-de-la-sociedad-civil-y-el-crimen-organizado-33318  |z Acceso restringido 
942 |c BOOK 
999 0 |a Criminal Law 
999 0 |a Public and Administrative Law